Größte Fußballstadien in Italien - Statistiken

Allgemein
  • Dieses Quiz wurde 63 mal gespielt
  • Das Durchschnittsergebnis liegt bei 4 aus 20
Antwortstatistiken
Kapazität Stadion % Korrekt
80,018 San Siro
98%
41,570 Juventus Stadium
66%
70,634 Stadio Olimpico
60%
54,726 Stadio Diego Armando Maradona
52%
43,147 Stadio Artemio Franchi
28%
58,270 Stadio San Nicola
24%
33,205 Stadio Luigi Ferraris
17%
38,279 Stadio Renato Dall'Ara
14%
39,371 Stadio Marc'Antonio Bentegodi
12%
36,349 Stadio Renzo Barbera
12%
27,958 Stadio Olimpico Grande Torino
9%
31,533 Stadio Via del Mare
5%
31,300 Stadio Arechi
3%
32,420 Stadio Nereo Rocco
3%
27,543 Stadio Oreste Granillo
2%
38,772 Stadio San Filippo
2%
27,584 Stadio Erasmo Iacovone
0%
32,336 Stadio Euganeo
0%
30,000 Stadio Flaminio
0%
28,000 Stadio Renato Curi
0%
Keine übereinstimmenden Quizze gefunden
Verteilung der Resultate
Anzahl Personen mit jedem Resultat
Perzentil nach korrekt beantworteten Fragen
Ihre Resultats-Entwicklung
Sie haben dieses Quiz noch nicht gespielt